Normal view
MARC view
Entry Topical Term
001 - CONTROL NUMBER
- control field: 35954
003 - CONTROL NUMBER IDENTIFIER
- control field: ARRUPE
005 - DATE AND TIME OF LATEST TRANSACTION
- control field: 20170920124956.0
008 - FIXED-LENGTH DATA ELEMENTS
- fixed length control field: 170920|| aca||aabn | a|a d
040 ## - CATALOGING SOURCE
- Original cataloging agency: ARRUPE
- Transcribing agency: ARRUPE
150 ## - HEADING--TOPICAL TERM
- Topical term or geographic name as entry element: Geography
- General subdivision: History
- Chronological subdivision: 18th century.
670 ## - SOURCE DATA FOUND
- Source citation: Work cat.: (ARRUPE)6415: Geography and enlightenment /, 1999.